[Event "Verden op-A"]
[Site "Verden"]
[Date "2023.01.07"]
[Round "5"]
[White "Ehlert, Horst"]
[Black "Schermeier, Klaus Peter"]
[Result "0-1"]
[WhiteElo "2026"]
[BlackElo "1900"]
[PlyCount "72"]
[EventDate "2023.01.05"]
[EventType "swiss"]
[EventRounds "7"]
[EventCountry "GER"]
[SourceTitle "CBM 212 Extra"]
[Source "ChessBase"]
[SourceDate "2023.03.31"]
[SourceVersion "1"]
[SourceVersionDate "2023.03.31"]
[SourceQuality "1"]

1. c4 f5 2. g3 Nf6 3. Bg2 d6 4. d4 e6 5. Nc3 Be7 6. Qc2 0-0 7. Nf3 Nc6 8. 0-0 Nb4 9. Qb1 c6 10. a3 Na6 11. b4 d5 12. b5 Nc7 13. bxc6 bxc6 14. Ne5 c5 15. cxd5 Ncxd5 16. Nxd5 Nxd5 17. Nc6 Qe8 18. Nxe7+ Qxe7 19. a4 Ba6 20. Ba3 Nc3 21. Bxc5 Qf6 22. Qb4 Nxe2+ 23. Kh1 Rab8 24. Qa5 Nxg3+ 25. hxg3 Bxf1 26. Rxf1 Rfc8 27. Qxa7 Rb2 28. a5 h5 29. Bd6 h4 30. Be5 Qh6 31. gxh4 Qxh4+ 32. Kg1 Qg5 33. d5 Re2 34. Bd4 f4 35. Qd7 Rd8 36. Qxe6+ Rxe6 0-1

[Event "Niedersachsen-ch MT"]
[Site "Verden an der Aller"]
[Date "2020.01.04"]
[Round "6"]
[White "Schermeier, Klaus Peter"]
[Black "Von Mettenheim, Johannes"]
[Result "1/2-1/2"]
[WhiteElo "1932"]
[BlackElo "1971"]
[PlyCount "113"]
[EventDate "2020.01.02"]
[EventType "swiss"]
[EventRounds "7"]
[EventCountry "GER"]
[SourceTitle "EXT 2023"]
[Source "ChessBase"]
[SourceDate "2022.10.05"]
[SourceVersion "1"]
[SourceVersionDate "2022.10.05"]
[SourceQuality "1"]

1. d4 Nf6 2. Bf4 e6 3. e3 c5 4. Nc3 d5 5. Nb5 Na6 6. c3 Be7 7. h3 0-0 8. Nf3 c4 9. a4 Bd7 10. Be2 Qb6 11. b3 Bxb5 12. axb5 Qxb5 13. bxc4 dxc4 14. 0-0 Nd7 15. Nd2 Nb6 16. Qc2 Rac8 17. Rfb1 Qc6 18. Qb2 Rfd8 19. Nxc4 Nxc4 20. Qxb7 Na3 21. Rb3 Qxb7 22. Rxb7 Bf8 23. Bxa6 Rxc3 24. Rxa7 h6 25. Be2 Nc2 26. Rc1 g5 27. Bd1 gxf4 28. Rxc2 Rxc2 29. Bxc2 Rc8 30. Ra2 Rc3 31. e4 Rc4 32. d5 exd5 33. exd5 Rc5 34. Be4 Rc1+ 35. Kh2 Re1 36. Bf3 Bc5 37. g3 fxg3+ 38. Kxg3 Kg7 39. Kg2 Re5 40. Rc2 Rg5+ 41. Kf1 Bb4 42. Rc6 Rg6 43. Ke2 Rxc6 44. dxc6 Bd6 45. Kd3 Kf6 46. Kc4 Ke5 47. Kb5 Bc7 48. Ka6 Kd6 49. Kb7 Ba5 50. Bg4 Bd8 51. Bd7 Bc7 52. Ka6 Bd8 53. Kb5 Bh4 54. f3 Bd8 55. Kc4 Ke5 56. Kd3 Kf4 57. Ke2 1/2-1/2

[Event "Niedersachsen-ch MT"]
[Site "Verden an der Aller"]
[Date "2020.01.03"]
[Round "3"]
[White "Schermeier, Klaus Peter"]
[Black "Brockmeyer, Tobias"]
[Result "1-0"]
[WhiteElo "1932"]
[BlackElo "1902"]
[PlyCount "159"]
[EventDate "2020.01.02"]
[EventType "swiss"]
[EventRounds "7"]
[EventCountry "GER"]
[SourceTitle "EXT 2023"]
[Source "ChessBase"]
[SourceDate "2022.10.05"]
[SourceVersion "1"]
[SourceVersionDate "2022.10.05"]
[SourceQuality "1"]

1. d4 f5 2. h3 d6 3. Nc3 Nf6 4. Bf4 e6 5. Nf3 Qe7 6. e3 Nc6 7. a3 e5 8. dxe5 dxe5 9. Bh2 Bd7 10. Bb5 0-0-0 11. Qe2 e4 12. Nd2 g6 13. 0-0-0 Ne5 14. Bxd7+ Nfxd7 15. Nb3 Bg7 16. Rd2 Qf7 17. Qb5 Nc4 18. Na5 Ndb6 19. Nxc4 Qxc4 20. Rxd8+ Rxd8 21. Qxc4 Nxc4 22. Nd1 Rd5 23. a4 Rc5 24. g4 Kd7 25. Rg1 Ke6 26. h4 c6 27. gxf5+ Rxf5 28. Rg4 Kd5 29. b3 Na5 30. c4+ Kc5 31. Kc2 Kb4 32. Rxe4 Rf7 33. c5+ Kxc5 34. Rg4 Kd5 35. e4+ Kd4 36. e5+ Kd5 37. e6 Kxe6 38. b4 Rf5 39. Re4+ Kd5 40. Re7 Bd4 41. bxa5 Bxf2 42. Rxh7 b5 43. Rd7+ Kc4 44. Rd6 Kc5 45. Rxg6 Bxh4 46. Bg1+ Kb4 47. Rg4+ Kxa5 48. Rxh4 bxa4 49. Nc3 Ka6 50. Rxa4+ Ra5 51. Rxa5+ Kxa5 52. Bxa7 Ka6 53. Be3 c5 54. Bxc5 Kb7 55. Kd3 Kc6 56. Kc4 Kb7 57. Kd5 Kc7 58. Nb5+ Kb7 59. Bd4 Kc8 60. Kd6 Kb7 61. Bc5 Ka8 62. Kc6 Kb8 63. Nc7 Kc8 64. Ba7 Kd8 65. Nd5 Ke8 66. Kd6 Kf7 67. Ne7 Kf6 68. Be3 Kf7 69. Bd4 Kf8 70. Ke6 Ke8 71. Bb6 Kf8 72. Nf5 Kg8 73. Kf6 Kf8 74. Ng7 Kg8 75. Kg6 Kf8 76. Bc5+ Kg8 77. Nf5 Kh8 78. Be7 Kg8 79. Nh6+ Kh8 80. Bf6# 1-0